Protestant Biblical interpretation; (Record no. 1075)

MARC details
000 -LEADER
fixed length control field 00798cam a2200265 4500
001 - CONTROL NUMBER
control field 3161863
003 - CONTROL NUMBER IDENTIFIER
control field GBCCL
005 - DATE AND TIME OF LATEST TRANSACTION
control field 20241126110352.0
008 - FIXED-LENGTH DATA ELEMENTS--GENERAL INFORMATION
fixed length control field 701221s1970 miu b 001 0 eng
010 ## -
-- 75019026
020 ## - INTERNATIONAL STANDARD BOOK NUMBER
International Standard Book Number 0801076005
040 ## - CATALOGING SOURCE
Original cataloging agency DLC
Transcribing agency DLC
Modifying agency DLC
050 00 -
-- BS476
-- .R35 1970
082 00 - DEWEY DECIMAL CLASSIFICATION NUMBER
Classification number 220.601
Item number RAM
100 1# - MAIN ENTRY--PERSONAL NAME
Personal name Ramm, Bernard L.
Fuller form of name (Bernard Lawrence),
Dates associated with a name 1916-1992.
9 (RLIN) 1914
245 10 - TITLE STATEMENT
Title Protestant Biblical interpretation;
Remainder of title a textbook of hermeneutics.
250 ## - EDITION STATEMENT
Edition statement 3d rev. ed.
260 ## - PUBLICATION, DISTRIBUTION, ETC.
Place of publication, distribution, etc. Grand Rapids,
Name of publisher, distributor, etc. Baker Book House
Date of publication, distribution, etc. [1970]
300 ## - PHYSICAL DESCRIPTION
Extent xvii, 298 p.
Dimensions 20 cm.
350 ## - PRICE (NR) (BK AM CF MU VM SE) [OBSOLETE]
Price $4.50
504 ## - BIBLIOGRAPHY, ETC. NOTE
Bibliography, etc. note Includes bibliographical references.
630 #0 - SUBJECT ADDED ENTRY--UNIFORM TITLE
Uniform title Bible
General subdivision Hermeneutics.
9 (RLIN) 1790
906 ## - LOCAL DATA ELEMENT F, LDF (RLIN)
a 7
b cbc
c orignew
d 4
e ncip
f 19
g y-gencatlg
942 ## - ADDED ENTRY ELEMENTS (KOHA)
Source of classification or shelving scheme Dewey Decimal Classification
Koha item type Books
Koha issues (borrowed), all copies 14
Holdings
Withdrawn status Lost status Source of classification or shelving scheme Damaged status Not for loan Home library Current Library Shelving location Date acquired Total checkouts Full call number Barcode Date last seen Date last checked out Copy number Price effective from Koha item type
    Dewey Decimal Classification     GRACE BIBLE COLLEGE GRACE BIBLE COLLEGE Biblical Studies 2017-04-11 2 220.601 RAM 000401 2025-05-01 2020-02-18 c.1 2017-04-11 Books
    Dewey Decimal Classification     GRACE BIBLE COLLEGE GRACE BIBLE COLLEGE Biblical Studies 2017-04-11 5 220.601 RAM 009946 2025-05-01 2020-02-11 c.2 2017-04-11 Books
    Dewey Decimal Classification     GRACE BIBLE COLLEGE GRACE BIBLE COLLEGE Biblical Studies 2017-04-11 8 220.601 RAM 009963 2025-05-01 2022-06-30 c.3 2017-04-11 Books
© Grace Bible College Library 2025